El artículo tercero constitucional / (Record no. 4632)

MARC details
000 -CABECERA
campo de control de longitud fija 00748nam a2200181 a 4500
005 - FECHA Y HORA DE LA ÚLTIMA TRANSACCIÓN
campo de control 20250918064118.0
008 - ELEMENTOS DE LONGITUD FIJA--INFORMACIÓN GENERAL
campo de control de longitud fija 991125s1973 mx 000 0 spa u
035 ## - NÚMERO DE CONTROL DEL SISTEMA
Número de control de sistema UPN01000004632
049 ## - COLECCIÓN
Colección CG
050 #4 - SIGNATURA TOPOGRÁFICA DE LA BIBLIOTECA DEL CONGRESO
Número de clasificación KGC361
Número de documento/Ítem H4.3
100 1# - ASIENTO PRINCIPAL--NOMBRE PERSONAL
Nombre de persona Hermida Ruiz, Ángel J.
9 (RLIN) 28891
245 13 - MENCIÓN DE TÍTULO
Título El artículo tercero constitucional /
Mención de responsabilidad, etc. por Angel J. Hermida Ruiz.
260 ## - PUBLICACIÓN, DISTRIBUCIÓN, ETC.
Lugar de publicación, distribución, etc. Jalapa :
Nombre del editor, distribuidor, etc. [s.n.],
Fecha de publicación, distribución, etc. 1973.
300 ## - DESCRIPCIÓN FÍSICA
Extensión 50 h.
500 ## - NOTA GENERAL
Nota general "Plática sustentada en el teatro Ignacio de la Llave, de Jalapa, Ver., el día 27 de febrero de 1973, a invitación de la Escuela de Bachilleres "Artículo 3o. Constitucional" con motivo del X aniversario de su fundación"
610 14 - ASIENTO SECUNDARIO DE MATERIA - NOMBRE CORPORATIVO
Nombre de entidad corporativa o nombre de jurisdicción como elemento de entrada México.
Título de la obra Constitución política (1917).
Nombre de parte o sección de la obra Artículo 3°
9 (RLIN) 7686
905 ## - TIPO DE MATERIAL
Tipo de material Libro
Holdings
Estado de retiro Estado de pérdida Fuente del sistema de clasificación o colocación Estado dañado No para préstamo Código de colección Localización permanente Ubicación/localización actual Ubicación en estantería Total de préstamos Clasificación Código de barras Fecha visto por última vez Número de copia Tipo de ítem Koha
    Library of Congress Classification     Colección General Bib. Gregorio Torres Quintero Bib. Gregorio Torres Quintero Planta baja 10 KGC361 H4.3 39305 31/12/2020 1 Libro
    Library of Congress Classification     Colección General Bib. Gregorio Torres Quintero Bib. Gregorio Torres Quintero Planta baja 15 KGC361 H4.3 39304 31/12/2020 1 Libro